000 00450nam a2200181Ia 4500
001 22479
005 20260414150834.0
008 260414t2009||||xx |||||||||||||| ||spa||
041 _aESP
082 _a621.381533
_bR91
100 _aRubiola, Enrico
_eAUT
245 0 _aPhase noise and frequency stability in oscillators
_b
260 _c2009
300 _a203 páginas :
_c24 cm.
650 _aTCA
654 _aCET
942 _cLIB
_dJUS
_fJUS
_2ddc
_n
999 _c22479
_d22479